L' hellénisme et le génie européen
Na minha lista:
| Autor principal: | |
|---|---|
| Formato: | Livro |
| Idioma: | francês |
| Publicado em: |
s.l
Egloff
1944
|
| Colecção: | La Formation de L'Europe, 3
|
| Assuntos: | |
| Tags: |
Adicionar Tag
Sem tags, seja o primeiro a adicionar uma tag!
|
MARC
| LEADER | 00000nam a2200000 a 4500 | ||
|---|---|---|---|
| 001 | UCP9754 | ||
| 003 | CL-VaPUC | ||
| 008 | 000331e19440000sz |||||||||||||||||fre|d | ||
| 082 | 0 | 4 | |a 938.08 |b REY |2 21 |
| 100 | 0 | |a Reynold, Gonzague de |e author |9 440538 | |
| 245 | 1 | 3 | |a L' hellénisme et le génie européen |
| 300 | |a 408 | ||
| 942 | |c BK | ||
| 945 | |d 20000331 00:00:00 |a rherrera | ||
| 260 | |a s.l |b Egloff |c 1944 | ||
| 600 | 0 | |a Magno, Alejandro |9 318232 | |
| 650 | 0 | |a Historia antigua |9 267521 | |
| 650 | 0 | |a Helenismo |9 267485 | |
| 650 | 0 | |a Imperio Romano |9 322785 | |
| 650 | 0 | |a Renacimiento |9 255107 | |
| 650 | 0 | |a Humanismo |9 256530 | |
| 650 | 0 | |a Arqueología |9 265619 | |
| 650 | 0 | |a Ideologías políticas |9 255735 | |
| 651 | 0 | |a Europa |9 255156 | |
| 651 | 0 | |a Grecia |9 265314 | |
| 583 | |a last modification |c 20171010 01:31:11 |k Rodrigo Vera | ||
| 490 | 0 | |a La Formation de L'Europe, 3 | |
| 999 | |c 286540 |d 286538 | ||
| 952 | |0 0 |1 0 |4 0 |6 938_080000000000000_REY_1944 |7 0 |8 X |9 332533 |a BIBHIS |b BIBHIS |d 2019-11-20 |i 1261673 |o 938.08 REY 1944 |p 1261673 |r 2024-01-30 |w 2019-11-20 |y BK_X |k HIS | ||